000 00357 a2200157 4500
001 172332
020 _a
040 _cMagnum
100 _aTrindade, Maria Zelia Damasio
240 1 0 _aOuro preto tambem para criancas
_lpor
245 1 0 _aOuro preto tambem para criancas
362 0 _a1899
440 1 _aLemi
697 _aIJ/PARADIDATICO
942 _cBK
999 _c172332
_d172332